Histoire de L´Admirable Don Quichotte de la Manche (Record no. 2748)

MARC details
000 -CABECERA
campo de control de longitud fija 01994nam a2200325 a 4500
001 - NÚMERO DE CONTROL
campo de control BRCA_3010
005 - FECHA Y HORA DE LA ÚLTIMA TRANSACCIÓN
campo de control 20190320204053.0
008 - DATOS DE LONGITUD FIJA--INFORMACIÓN GENERAL
campo de control de longitud fija 200109s1717----fr-a---###---#000-0#fre-u
041 ## - CÓDIGO DE LENGUA
Código de lengua del texto/banda sonora o título independiente fre
044 ## - CÓDIGO DEL PAÍS DE LA ENTIDAD EDITORA/PRODUCTORA
Código MARC del país fr
084 ## - OTRO NÚMERO DE CLASIFICACIÓN
Número de clasificación 329
Número de documento/Ítem .A43
-- 1717
100 1# - ENTRADA PRINCIPAL--NOMBRE DE PERSONA
Nombre de persona Cervantes Saavedra, Miguel de
Fechas asociadas al nombre 1547-1616
9 (RLIN) 213
245 10 - MENCIÓN DE TÍTULO
Título Histoire de L´Admirable Don Quichotte de la Manche
Mención de responsabilidad, etc. Miguel de Cervantes Saavedra ; Traduit par Filleau de Saint-Martin.
260 ## - PUBLICACIÓN, DISTRIBUCIÓN, ETC.
Lugar de publicación, distribución, etc. Lyon (Francia)
Nombre del editor, distribuidor, etc. Thomas Amaulry
Fecha de publicación, distribución, etc. 1717
300 ## - DESCRIPCIÓN FÍSICA
Extensión 6 v.
Otras características físicas il.
Dimensiones 16 cm.
500 ## - NOTA GENERAL
Nota general Contenido : v 1. Primera parte. Advertencia del librero. Privilegio. Texto. -- v 2. Texto. -- v 3. Segunda parte. Texto. -- v 4. Texto. -- v 5. Primera parte de la continuación escrita por el traductor. Texto. -- v 6. Segunda parte de la continuación escrita por el traductor. Texto
500 ## - NOTA GENERAL
Nota general Edición : Nouvelle Edition Revueë Corrigée et Augmentée Considerablement et des Notes a la Marge de Tout ce que Livre Contient, Avec 58 Figures en Taille Douce
500 ## - NOTA GENERAL
Nota general Reproducción de anteriores ediciones de la traducción de Filleau de Saint-Martin, publicadas por el mismo editor con la adición de notas marginales, una explicación de las láminas, y la continuación del traductor. Las láminas están grabadas de nuevo por Bizot. Semipiel; lomeras decoradas con adornos Lúdovik Osterc
500 ## - NOTA GENERAL
Nota general EStado físico : En los 6 volúmenes se mutiló la primera ilustración. En el volumen 1 la encuadernación está pegada con cinta adhesiva. Firma en la cubierta
500 ## - NOTA GENERAL
Nota general QM258
546 ## - NOTA DE LENGUA/LENGUAJE
Nota de lengua/lenguaje Texto en : francés
650 14 - PUNTO DE ACCESO ADICIONAL DE MATERIA--TÉRMINO DE MATERIA
Término de materia o nombre geográfico como elemento de entrada Novela española
Subdivisión cronológica Época clásica, 1500-1700
9 (RLIN) 215
650 14 - PUNTO DE ACCESO ADICIONAL DE MATERIA--TÉRMINO DE MATERIA
Término de materia o nombre geográfico como elemento de entrada Literatura española
Subdivisión cronológica Época clásica, 1500-1700
9 (RLIN) 216
650 14 - PUNTO DE ACCESO ADICIONAL DE MATERIA--TÉRMINO DE MATERIA
Término de materia o nombre geográfico como elemento de entrada Novela española
Subdivisión cronológica Siglo XVII
9 (RLIN) 217
650 14 - PUNTO DE ACCESO ADICIONAL DE MATERIA--TÉRMINO DE MATERIA
Término de materia o nombre geográfico como elemento de entrada Don Quijote (Personaje ficticio)
Término indicativo de función/relación Novela
9 (RLIN) 218
700 1# - PUNTO DE ACCESO ADICIONAL--NOMBRE DE PERSONA
Nombre de persona Saint-Martin, Filleau de
Fechas asociadas al nombre 1632-1695
Término indicativo de función/relación Traductor
9 (RLIN) 8303
740 0# - PUNTO DE ACCESO ADICIONAL--TÍTULO RELACIONADO O ANALÍTICO NO CONTROLADO
Título relacionado o analítico no controlado El Ingenioso Hidalgo Don Quijote de la Mancha
902 ## - CATALOGADOR
Iniciales QFM
942 ## - ELEMENTOS DE PUNTO DE ACCESO ADICIONAL (KOHA)
Fuente del sistema de clasificación o colocación Library of Congress Classification
Tipo de ítem Koha Libros
Holdings
Estado de retiro Estado de pérdida Estado dañado No para préstamo Localización permanente Ubicación/localización actual Fecha de adquisición Número de inventario Total de préstamos Signatura topográfica completa Código de barras Fecha visto por última vez Precio válido a partir de Tipo de ítem Koha
El ejemplar forma parte de la colección y puede ser consultado según las políticas vigentes.       Biblioteca del Museo Franz Mayer (Rogerio Casas-Alatriste) Biblioteca del Museo Franz Mayer (Rogerio Casas-Alatriste) 20/01/2009 QM258   329 .A43 1717 (QM258) 3007 22/03/2019 22/03/2019 Libros